<?xml version="1.0" encoding="UTF-8"?>
<record
    xmlns:xsi="http://www.w3.org/2001/XMLSchema-instance"
    xsi:schemaLocation="http://www.loc.gov/MARC21/slim http://www.loc.gov/standards/marcxml/schema/MARC21slim.xsd"
    xmlns="http://www.loc.gov/MARC21/slim">

  <leader>00361nam a22001577a 4500</leader>
  <controlfield tag="003">OSt</controlfield>
  <controlfield tag="005">20240321104258.0</controlfield>
  <controlfield tag="008">220329b        xxu||||| |||| 00| 0 eng d</controlfield>
  <datafield tag="020" ind1=" " ind2=" ">
    <subfield code="a">0812032641</subfield>
  </datafield>
  <datafield tag="040" ind1=" " ind2=" ">
    <subfield code="c">IIMT UNIVERSITY MEERUT</subfield>
  </datafield>
  <datafield tag="100" ind1=" " ind2=" ">
    <subfield code="a">KASANA,H.S</subfield>
  </datafield>
  <datafield tag="245" ind1=" " ind2=" ">
    <subfield code="a">COMPLEX VARIABLES</subfield>
  </datafield>
  <datafield tag="260" ind1=" " ind2=" ">
    <subfield code="a">NEW DELHI</subfield>
    <subfield code="b">PHI</subfield>
    <subfield code="c">2022</subfield>
  </datafield>
  <datafield tag="300" ind1=" " ind2=" ">
    <subfield code="a">494</subfield>
  </datafield>
  <datafield tag="942" ind1=" " ind2=" ">
    <subfield code="2">ddc</subfield>
    <subfield code="c">01</subfield>
  </datafield>
  <datafield tag="999" ind1=" " ind2=" ">
    <subfield code="c">51429</subfield>
    <subfield code="d">51429</subfield>
  </datafield>
  <datafield tag="952" ind1=" " ind2=" ">
    <subfield code="0">0</subfield>
    <subfield code="1">0</subfield>
    <subfield code="2">ddc</subfield>
    <subfield code="4">0</subfield>
    <subfield code="7">0</subfield>
    <subfield code="a">01</subfield>
    <subfield code="b">01</subfield>
    <subfield code="d">2022-03-28</subfield>
    <subfield code="e">PRAKASH BOOK DEPOT</subfield>
    <subfield code="g">495.00</subfield>
    <subfield code="i">422</subfield>
    <subfield code="l">1</subfield>
    <subfield code="p">01-B-135270</subfield>
    <subfield code="r">2024-06-18</subfield>
    <subfield code="s">2024-06-12</subfield>
    <subfield code="u">MATHMATICS</subfield>
    <subfield code="w">2022-03-29</subfield>
    <subfield code="y">02</subfield>
  </datafield>
  <datafield tag="952" ind1=" " ind2=" ">
    <subfield code="0">0</subfield>
    <subfield code="1">0</subfield>
    <subfield code="2">ddc</subfield>
    <subfield code="4">0</subfield>
    <subfield code="7">0</subfield>
    <subfield code="a">01</subfield>
    <subfield code="b">01</subfield>
    <subfield code="d">2022-03-28</subfield>
    <subfield code="e">PRAKASH BOOK DEPOT</subfield>
    <subfield code="g">495.00</subfield>
    <subfield code="i">422</subfield>
    <subfield code="p">01-B-135271</subfield>
    <subfield code="r">2022-03-29</subfield>
    <subfield code="u">MATHMATICS</subfield>
    <subfield code="w">2022-03-29</subfield>
    <subfield code="y">02</subfield>
  </datafield>
  <datafield tag="952" ind1=" " ind2=" ">
    <subfield code="0">0</subfield>
    <subfield code="1">0</subfield>
    <subfield code="2">ddc</subfield>
    <subfield code="4">0</subfield>
    <subfield code="7">0</subfield>
    <subfield code="a">01</subfield>
    <subfield code="b">01</subfield>
    <subfield code="d">2022-03-28</subfield>
    <subfield code="e">PRAKASH BOOK DEPOT</subfield>
    <subfield code="g">495.00</subfield>
    <subfield code="i">422</subfield>
    <subfield code="p">01-B-135272</subfield>
    <subfield code="r">2022-03-29</subfield>
    <subfield code="u">MATHMATICS</subfield>
    <subfield code="w">2022-03-29</subfield>
    <subfield code="y">02</subfield>
  </datafield>
  <datafield tag="952" ind1=" " ind2=" ">
    <subfield code="0">0</subfield>
    <subfield code="1">0</subfield>
    <subfield code="2">ddc</subfield>
    <subfield code="4">0</subfield>
    <subfield code="7">0</subfield>
    <subfield code="a">01</subfield>
    <subfield code="b">01</subfield>
    <subfield code="d">2022-03-28</subfield>
    <subfield code="e">PRAKASH BOOK DEPOT</subfield>
    <subfield code="g">495.00</subfield>
    <subfield code="i">422</subfield>
    <subfield code="p">01-B-135273</subfield>
    <subfield code="r">2022-03-29</subfield>
    <subfield code="u">MATHMATICS</subfield>
    <subfield code="w">2022-03-29</subfield>
    <subfield code="y">02</subfield>
  </datafield>
  <datafield tag="952" ind1=" " ind2=" ">
    <subfield code="0">0</subfield>
    <subfield code="1">0</subfield>
    <subfield code="2">ddc</subfield>
    <subfield code="4">0</subfield>
    <subfield code="7">0</subfield>
    <subfield code="a">01</subfield>
    <subfield code="b">01</subfield>
    <subfield code="d">2022-03-28</subfield>
    <subfield code="e">PRAKASH BOOK DEPOT</subfield>
    <subfield code="g">495.00</subfield>
    <subfield code="i">422</subfield>
    <subfield code="l">1</subfield>
    <subfield code="p">01-B-135274</subfield>
    <subfield code="r">2022-03-29</subfield>
    <subfield code="s">2022-03-29</subfield>
    <subfield code="u">MATHMATICS</subfield>
    <subfield code="w">2022-03-29</subfield>
    <subfield code="y">02</subfield>
  </datafield>
</record>
